Código de derecho canónico
Furkejuvvon:
| Váldodahkkit: | , |
|---|---|
| Materiálatiipa: | Girji |
| Giella: | espánnjágiella |
| Almmustuhtton: |
Madrid
Trivium
1992
|
| Fáttát: | |
| Fáddágilkorat: |
Lasit fáddágilkoriid
Eai fáddágilkorat, Lasit vuosttaš fáddágilkora!
|
MARC
| LEADER | 00000nam a2200000 a 4500 | ||
|---|---|---|---|
| 001 | UCV3168 | ||
| 003 | CL-VaPUC | ||
| 008 | 930422e19920000SP |||||||||||||||||spa|d | ||
| 082 | 0 | 4 | |a 262.94 |b GON |2 21 |
| 100 | |a González del Valle Cienfuegos, José María |e author |9 296007 | ||
| 700 | 0 | |a Camarero Suárez, Marita |e author |9 297408 | |
| 245 | 1 | 0 | |a Código de derecho canónico |
| 300 | |a 375 p | ||
| 942 | |c BK | ||
| 945 | |d 19930422 00:00:00 | ||
| 260 | |a Madrid |b Trivium |c 1992 | ||
| 650 | 7 | |a DERECHO CANONICO |2 CL-VaPUC |9 297409 | |
| 583 | |a last modification |c 19930422 00:00:00 |k Rodrigo Vera | ||
| 999 | |c 210480 |d 210478 | ||
| 952 | |0 0 |1 0 |4 0 |6 262_940000000000000_GON_1992 |7 0 |8 A |9 186764 |a BIBDER |b BIBDER |d 2019-11-14 |i 254377K |o 262.94 GON 1992 |p 254377K |r 2023-01-25 |w 2019-11-14 |y BK |k DER | ||